00331nam a2200133Ia 45000030006000000080041000060400015000471000021000622450051000832600028001343000006001625460012001680050017001800STCL150530s9999 xx 000 0 und d aSTCLcSTCL aShweta Sharma Ed aInternatonal Journal of Chemical Sciences 2007 bSadguru , Udaipurc2007 a0 aEnglish20220125165843.0